Košický evanjelik

Bibliographic Details
Format: Journal
Language:Slovak
PhysicalDescription:14 zv. 23 cm
Published: Košice Evanjelický a.v. cirk. sbor slovenský v Košiciach 1935-1948
Subjects:

MARC

LEADER 00000cas a2200000 a 4500
001 vtls001340645
003 SK-MaSNL
005 20260228163949.0
008 980828d19351948xo qr p 0 0b0slo
035 |a SNK000293745 
040 |a SNK  |b slo  |c SNK  |e AACR2 
041 0 |a slo 
043 |a e-xo--- 
044 |a xo  |c SK 
072 7 |a 271/279  |x Kresťanské cirkvi, sekty, denominácie  |2 konspekt 
080 |a 274.5  |2 2011 
080 |a 050  |2 2011 
080 |a 2(051)  |2 2011 
245 0 0 |a Košický evanjelik 
260 |a Košice  |b Evanjelický a.v. cirk. sbor slovenský v Košiciach  |c 1935-1948 
300 |a 14 zv.  |c 23 cm 
310 |a 4x ročne 
362 0 |a Roč. 1 (15. jún 1935)-roč. 4, č. 2 (15. máj 1938) ; Roč. 5 (1945/46)-roč. 7 (1948) ; SKP 
610 2 7 |a Evanjelická cirkev a.v.  |2 SNKKA  |9 32425 
655 7 |a náboženské časopisy  |2 SNKPH  |9 70790 
910 |a snk 
999 |c 11635  |d 13565 
952 |0 0  |1 0  |4 0  |7 0  |a SNK  |b SNK  |d 1998-08-28  |l 0  |o snkČSC 438/7/1948  |p 17A0157195  |r 2005-01-02 00:00:00  |t č. 3-10  |w 2026-02-21  |y PREZ